| Tag |
First Indicator |
Second Indicator |
Subfields |
| LEADER |
00000cam a2200000 4500 |
| 001 |
in00000025227 |
| 005 |
20151007061131.0 |
| 008 |
770801s1914 nyu 00010 eng |
| 010 |
|
|
|a 14016934
|
| 035 |
|
|
|a (OCoLC)03153283
|
| 035 |
|
|
|9 AAD1204AM
|
| 040 |
|
|
|a OCO
|c OCO
|d TXA
|d UtOrBLW
|
| 049 |
|
|
|a TXAM
|c [9585]
|
| 050 |
|
0 |
|a PR6013.I29
|b B6 1914
|
| 092 |
|
|
|a 821
|b G45bo
|
| 100 |
1 |
|
|a Gibson, Wilfrid Wilson,
|d 1878-1962.
|
| 245 |
1 |
0 |
|a Borderlands and thoroughfares /
|c by Wilfrid Wilson Gibson ...
|
| 264 |
|
1 |
|a New York :
|b The Macmillan company,
|c 1914.
|
| 300 |
|
|
|a x pages, 1 ., 195 pages ;
|c 20 cm.
|
| 336 |
|
|
|a text
|b txt
|2 rdacontent
|
| 337 |
|
|
|a unmediated
|b n
|2 rdamedia
|
| 338 |
|
|
|a volume
|b nc
|2 rdacarrier
|
| 999 |
|
|
|a MARS
|
| 999 |
f |
f |
|s f3cc2690-a5e6-3a41-a26c-5ecdd1b38376
|i 6b443455-3a4e-306c-a62e-e8bd3efe5370
|t 0
|
| 952 |
f |
f |
|p ric
|a Texas A&M University
|b Rellis Campus
|c Joint Library Facility
|d Remote Storage
|t 0
|e PR6013.I29 B6 1914
|h Library of Congress classification
|i unmediated -- volume
|m A14801279976
|
| 998 |
f |
f |
|a PR6013.I29 B6 1914
|t 0
|l Remote Storage
|